000 00654nam a2200265Ia 4500
005 20250425161918.0
008 250425s9999 xx 000 0 und d
020 _a9586152170
041 _aspa
043 _ack
082 _a658.8
100 _aESTRATEGIAS, HARVARD
245 0 _aCOMO ADMINISTRAR LA CREATIVIDAD EN LAS ORGANIZACIONES
250 _a1A ED.
260 _aBOGOTA
260 _aColombia
_bEDUCAR CULTURAL RECREATIVA
_c1988
300 _a109
650 _aADMINISTRACION
650 _aCREATIVIDAD
650 _aINDUSTRIA
650 _aORGANIZACION
710 _aHARVARD BUSINESS REVIEW
942 _c01
010 _a34704
999 _c218697
_d218697